000 00544nam a22001577a 4500
003 NUST
038 _aNusrat Nadeem
082 _a200
100 _aAli, Muhammad Aadil
_9130542
245 _aDesign of optimized nonlinear controllers for the attitude control of an octocopter system/
_cMuhammad Aadil Ali,
264 _aIslamabad:
_bSEECS NUST.
_c2025.
650 _aMS- Electrical Engineering
_923567
700 _aSupervisor: Dr. Iftikhar Ahmad
_997150
856 _u http://10.250.8.41:8080/xmlui/handle/123456789/54464
942 _2ddc
_cSC
999 _c614736
_d614736